000 00416nam a2200157 a 4500
001 000029678
005 20200930055726.0
008 110425s19uu dr 000 0 spa d
040 _aDO-SdBNP
_bspa
_cBNPHU
082 _axxxx
_bW385v
100 1 _aWeber, Andrés
_956476
245 1 0 _aVida de mi carne /
_cAndres Weber.
260 _aSanto Domingo :
_b[s.n.],
_c[19--?].
300 _a33 p. ;
_c21 cm.
049 _aBNPD
999 _c29170
_d29170